Michèle - Gérard Lenorman Lyrics - Statistiques

Statistiques générales
  • Ce quiz a été pris 23 fois
  • Le résultat moyen est 166 sur 191
Statistiques - réponses
Hint Réponse % Correct
- | . à
100%
- a
100%
- as
100%
- au
100%
- ça
100%
- dans
100%
- de
100%
- des
100%
- et
100%
- la
100%
- le
100%
- | -- les
100%
- m'a
100%
- michèle
100%
- Michèle
100%
- moi
100%
- on
100%
- pour
100%
- qui
100%
- se
100%
- toi
100%
- | . tu
100%
- un
100%
- aller
91%
- boire
91%
- café
91%
- chocolat
91%
- du
91%
- en
91%
- eu
91%
- je
91%
- jour
91%
- moquent
91%
- puis
91%
- que
91%
- soir
91%
- | . tes
91%
- t'es
91%
- tout
91%
. 15
82%
- 17
82%
- | . ans
82%
. avais
82%
- c'est
82%
- | . cheveux
82%
- décembre
82%
- dernier
82%
- ensemble
82%
- fois
82%
- grand
82%
- j'attendais
82%
- lycée
82%
- même
82%
- neige
82%
- paris
82%
. peine
82%
- portaient
82%
- première
82%
- prenait
82%
- printemps
82%
- rubans
82%
- sur
82%
- t'embrasser
82%
- train
82%
- vent
82%
- vis
82%
- assis
73%
- avril
73%
- banlieue
73%
- bien
73%
- chantais
73%
- cinéma
73%
- dit
73%
- films
73%
- habitais
73%
- joyeux
73%
- loin
73%
- mariée
73%
- matin
73%
- nous
73%
- oh
73%
- palais
73%
- près
73%
- récré
73%
- ses
73%
- temps
73%
- toits
73%
- tombait
73%
- trains
73%
- voir
73%
- volaient
73%
- yesterday
73%
- allait
64%
- après-midi
64%
- cafés
64%
- charmant
64%
- endormis
64%
- jeudis
64%
- passé
64%
- prince
64%
- rues
64%
- souvent
64%
- déchu
55%
- doucement
55%
- étions
55%
- gris
55%
- Marilyn
55%
- nuages
55%
- t'appelais
55%
- voyages
55%
- t'offrait
45%
Aucun quiz correspondant
Distribution des résultats
% des personnes avec chaque résultat
Percentile par nombre de réponses
Votre historique - résultats
Vous n’avez pas pris ce quiz